| 000 | 02007cam a2200529 i 4500 | ||
|---|---|---|---|
| 001 | zz2007780053 | ||
| 003 | NUKAT | ||
| 005 | 20260421130956.0 | ||
| 008 | 070102s2001 pl a |000 0 pol c | ||
| 020 |
_a8301134291 _q(oprawa miękka) |
||
| 035 | _a(OCoLC)169697972 | ||
| 035 | _a(NUKAT)zz2007780053 | ||
| 040 |
_aWA 51/EP _bpol _erda _cWA 51/EP _dWA 51/EP _dOLSZT 008/bak |
||
| 045 | 2 |
_bd1958 _bd2001 |
|
| 046 | _k2001 | ||
| 100 | 1 |
_aTendera-Właszczuk, Helena. _eAutor _940361 |
|
| 245 | 1 | 0 |
_aRozszerzenie Unii Europejskiej na Wschód : _bPolska na tle innych krajów / _cHelena Tendera-Właszczuk. |
| 250 | _aWydanie pierwsze. | ||
| 260 |
_aWarszawa : _bWydawnictwo Naukowe PWN, _c2001. |
||
| 300 |
_a277, [1] strona : _bilustracje, errata ; _c24 cm. |
||
| 336 |
_aTekst _btxt _2rdacontent |
||
| 337 |
_aBez urządzenia pośredniczącego _bn _2rdamedia |
||
| 338 |
_aWolumin _bnc _2rdacarrier |
||
| 380 | _aKsiążki | ||
| 380 | _aPublikacje naukowe | ||
| 388 | 1 | _a2001- | |
| 504 | _aBibliografia na stronach 259-272. | ||
| 536 | _aTytuł dotowany przez Akademię Ekonomiczną w Krakowie | ||
| 610 | 2 | 7 |
_aUnia Europejska _zEuropa Środkowa. _2kaba _940362 |
| 610 | 2 | 7 |
_aUnia Europejska _xczłonkostwo. _2kaba _940363 |
| 610 | 2 | 7 |
_aUnia Europejska _zEuropa Wschodnia. _2kaba _940364 |
| 610 | 2 | 7 |
_aUnia Europejska _zPolska. _2kaba _940365 |
| 610 | 2 | 7 |
_aUnia Europejska (UE) _2DBN _940347 |
| 648 | 7 |
_a1901-2000 _2DBN _934996 |
|
| 648 | 7 |
_a1945-1989 _2DBN _936043 |
|
| 648 | 7 |
_a1989-2000 _2DBN _936156 |
|
| 648 | 7 |
_a2001- _2DBN _936393 |
|
| 650 | 7 |
_aNegocjacje akcesyjne _2DBN _940366 |
|
| 651 | 7 |
_aEuropa Środkowo-Wschodnia _2DBN _935065 |
|
| 651 | 7 |
_aPolska _2DBN _935076 |
|
| 651 | 7 |
_aEuropa Wschodnia _xstosunki zagraniczne _zKraje Unii Europejskiej. _2kaba _940367 |
|
| 655 | 7 |
_aOpracowanie _2DBN _935024 |
|
| 658 | _aPolityka, politologia, administracja publiczna | ||
| 710 | 2 |
_aWydawnictwo Naukowe PWN. _eWydawca _4pbl _97868 |
|
| 920 | _a83-01-13429-1 (oprawa miękka) | ||
| 942 |
_2ddc _cBK_NM |
||
| 999 |
_c27711 _d27711 |
||